000 00249nam a2200109Ia 4500
008 220216s9999 xx 000 0 und d
100 _aNair A N S
245 0 _aMannarinju valam cherkkuka
260 _bRubber
_c2008
300 _a13-Dec
942 _cBS
999 _c48583
_d48583